00244nam a2200085 a 450000500170000000800410001705000220005824500330008026000450011320140414132058.0110725s19uu xx 00 eng d aREF 031bB76 1995 aBritannica book of the year. aU.S.A :bEncyclopedia Britannica,c1995.